| 000 | 00416pam a2200157a 44500 | ||
|---|---|---|---|
| 008 | 230515b2005 xxu||||| |||| 00| 0 eng d | ||
| 020 | _a81-86937-82-X | ||
| 041 | _aENGLISH | ||
| 082 | _a1 | ||
| 100 | _aJOSHI M. N. | ||
| 245 | _aNEW SANSKRIT GRAMMAR AND COMPOSITION | ||
| 250 | _a1 | ||
| 260 |
_aVARANASI _bCHAUKHAMBA SANSKRUT SANSTHAN _c2005 |
||
| 300 | _a225 | ||
| 650 | _aNEW SANSKRIT GRAMMAR AND COMPOSITION. | ||
| 999 |
_c494864 _d494864 |
||